| 000 | 01009nam a22003257a 4500 | ||
|---|---|---|---|
| 001 | 0003310 | ||
| 003 | KOHA_MİRAKIL | ||
| 005 | 20260207001333.0 | ||
| 007 | ta | ||
| 008 | 090325b2001 tu |||gr||||#||||0|tur | | ||
| 020 | _a9753473478 | ||
| 040 |
_aTR-BiSEU _btur _cTR-BiSEU _erda |
||
| 041 | 0 | _atur | |
| 044 | _ctu | ||
| 050 |
_aJS6953 _b.U49 2001 |
||
| 100 | 1 | _aUlusoy, Ahmet. | |
| 245 | 1 |
_aMahalli idareler : _bteori, uygulama, maliye / _cAhmet Ulusoy ; Ahmet Ulusoy, Tekin Akdemir. |
|
| 264 | 1 |
_aAnkara : _bSeçkin Yayıncılık,2001. _c2001 |
|
| 300 | _a272 sayfa | ||
| 336 |
_ametin _btxt _2rdacontent |
||
| 337 |
_aaracısız _bn _2rdamedia |
||
| 338 |
_acilt _bnc _2rdacarrier |
||
| 500 | _aKaynakça var. | ||
| 650 | 0 |
_aLocal government--Turkey. _93784 |
|
| 650 | 0 |
_aLocal government--Reform--Turkey. _98275 |
|
| 650 | 0 |
_aLocal government--Research--Turkey. _98276 |
|
| 650 | 0 |
_aMunicipal government--Turkey. _98277 |
|
| 650 | 0 |
_aPersonnel management--Turkey. _98278 |
|
| 942 |
_2lcc _cBK |
||
| 999 |
_c3294 _d3294 |
||